LIBRARY & INFORMATION CENTRE, KCAET, TAVANUR

ONLINE PUBLIC ACCESS CATALOGUE (OPAC)

Thoratha kannuneer / (Record no. 7778)

MARC details
000 -LEADER
fixed length control field 00422cam a2200169ua 4500
041 ## - LANGUAGE CODE
Language code of text/sound track or separate title mal
082 ## - DEWEY DECIMAL CLASSIFICATION NUMBER
Classification number 894.812308
Item number BAL/TH
100 ## - MAIN ENTRY--AUTHOR NAME
Personal name Balakrishnan, P.K .
245 ## - TITLE STATEMENT
Title Thoratha kannuneer /
260 ## - PUBLICATION, DISTRIBUTION, ETC. (IMPRINT)
Place of publication Thrissur :
Name of publisher Bhashabhushanam book press ,
Year of publication 1993.
300 ## - PHYSICAL DESCRIPTION
Number of Pages 72 ; .
942 ## - ADDED ENTRY ELEMENTS (KOHA)
Koha item type Books
Holdings
Withdrawn status Lost status Damaged status Home library Current library Date acquired Full call number Accession Number Koha item type
      KAUAET KAUAET 07/04/2012 894.812308 1542 Books
free website counter